000 00587nam a22002177a 4500
003 UA-OsUOA
001 64446
007 ta
008 20091104b un ||||| |||| 00| 0 ukr d
100 _aЛебедева М.М.
090 _a32
_bЛ33
942 _cSA
040 _aUA-OsUOA
_brus
_cUA-OsUOA
_dUA-OsUOA
245 _aПолитические основания современного мирового кризиса
300 _aС.51-76
955 _a0
041 _arus
080 _a32
773 0 _w64436
_tПолития
_dМ.
_d2009
_g3
650 7 _a32 Політика
_2UDC
999 _c350537
_d350537